| Поле | Название | Значение |
| |
Тип записи |
c |
| |
Библиографический уровень |
m |
| 001 |
Контрольный номер |
RU/УОНБ/EK_N/590074983 |
| 005 |
Дата корректировки |
20260219115006.0 |
| 010 |
Индекс ISBN |
__ |
| 9 |
Тираж |
700 экз. |
| 013 |
Номер (ISMN) |
__ |
| d |
Цена |
32 к. |
| 100 |
Данные общей обработки |
__ |
| a |
Данные общей обработки |
20180912d1971 u y0rusy0189 ca |
| 101 |
Язык документа |
0_ |
| a |
Язык текста |
rus |
| a |
Язык текста |
ukr |
| f |
Язык титульного листа |
ukr |
| 102 |
Страна публикации |
__ |
| a |
Страна публикации |
UA |
| 105 |
Кодированные данные (монография) |
__ |
| a |
Кодированные данные (монография) |
y###||||000|y |
| 125 |
Кодированные данные звукозаписи и нотных изданий |
__ |
| a |
Форма изложения нотного текста |
с| |
| 128 |
Кодированные данные (звукозаписи-физические характеристики) |
__ |
| a |
Кодированные данные: Музыкальная форма и тональность или лад |
zz |
| c |
Инструменты или голоса, рекомендуемые для солистов (устаревшее) |
vu|| |
| 200 |
Заглавие и сведения об ответственности |
1_ |
| a |
Заглавие |
Вокальнi твори |
| d |
Параллельное заглавие |
Вокальные произведения |
| e |
Сведения, относящиеся к заглавию |
[для пения (соло, ансамбль) в сопровожд. фп.] |
| f |
Первые сведения об ответственности |
А. Левицкий |
| 210 |
Выходные данные |
1_ |
| a |
Место издания |
Київ |
| c |
Издательство |
Музична Украiна |
| d |
Дата издания |
1971 |
| 215 |
Физическое описание |
__ |
| a |
Объем |
35 с. |
| c |
Иллюстрации/тип воспроизводства |
портр. |
| d |
Формат |
26 см |
| 300 |
Общие примечания |
__ |
| a |
Общие примечания |
Укр., рус. яз. |
| 327 |
Примечание о содержании |
11 |
| a |
Примечание о содержании |
Содерж.: Украинская баркарола / сл. О. Новицкого ; пер. Т. Волгиной. - Верная жена моя / сл. Н. Сома ; пер. Л. Лобанова. - Берёзам снится / сл. П. Голубничего ; пер. И. Антроповой. - Весёлый ветерок / сл. В. Бескаравайного ; пер. А. Вратарёва. - Звёзды ранней весны / сл. М. Бахтинского ; пер. М. Зирко. - Галчонок ; Не тревожьте, сини волны / сл. В. Дуки ; пер. В. Болдыревой. - Мы девушки из Киева / сл. А. Пашко ; пер. И. Кротова. |
| 464 |
Аналитический уровень |
_0 |
| 1 |
|
2001 |
| a |
|
Украинская баркарола |
| e |
|
Вечер окутал дубравы... |
| 1 |
|
702 1 |
| a |
|
Новицкий |
| b |
|
О. |
| 4 |
|
520 |
| 1 |
|
702 1 |
| a |
|
Волгина |
| b |
|
Т. |
| 4 |
|
730 |
| 464 |
Аналитический уровень |
_0 |
| 1 |
|
2001 |
| a |
|
Верная жена моя |
| e |
|
Радость, подруга моя... |
| 1 |
|
702 1 |
| a |
|
Сом |
| b |
|
Н. |
| 4 |
|
520 |
| 1 |
|
702 1 |
| a |
|
Лобанов |
| b |
|
Л. |
| 4 |
|
730 |
| 464 |
Аналитический уровень |
_0 |
| 1 |
|
2001 |
| a |
|
Берёзам снится |
| e |
|
Берёзам снится лес и лето... |
| 1 |
|
702 1 |
| a |
|
Голубничий |
| b |
|
П. |
| 4 |
|
520 |
| 1 |
|
702 1 |
| a |
|
Антропова |
| b |
|
И. |
| 4 |
|
730 |
| 464 |
Аналитический уровень |
_0 |
| 1 |
|
2001 |
| a |
|
Весёлый ветерок |
| e |
|
Над речкой ветер кружится... |
| 1 |
|
702 1 |
| a |
|
Бескаравайный |
| b |
|
В. |
| 4 |
|
520 |
| 1 |
|
702 1 |
| a |
|
Вратарёв |
| b |
|
А. |
| 4 |
|
730 |
| 464 |
Аналитический уровень |
_0 |
| 1 |
|
2001 |
| a |
|
Звёзды ранней весны |
| e |
|
Ты стоишь у пристани... |
| 1 |
|
702 1 |
| a |
|
Бахтинский |
| b |
|
М. |
| 4 |
|
520 |
| 1 |
|
702 1 |
| a |
|
Зирко |
| b |
|
М. |
| 4 |
|
730 |
| 464 |
Аналитический уровень |
_0 |
| 1 |
|
2001 |
| a |
|
Галчонок |
| e |
|
Тёплою весною... |
| 1 |
|
702 1 |
| a |
|
Дука |
| b |
|
В. |
| 4 |
|
520 |
| 1 |
|
702 1 |
| a |
|
Болдырева |
| b |
|
В. |
| 4 |
|
730 |
| 464 |
Аналитический уровень |
_0 |
| 1 |
|
2001 |
| a |
|
Мы девушки из Киева |
| e |
|
За Днепром заря пылает... |
| 1 |
|
702 1 |
| a |
|
Пашко |
| b |
|
А. |
| 4 |
|
520 |
| 1 |
|
702 1 |
| a |
|
Кротов |
| b |
|
И. |
| 4 |
|
730 |
| 464 |
Аналитический уровень |
_0 |
| 1 |
|
2001 |
| a |
|
Не тревожьте, сини волны |
| e |
|
Одиноко вьётся чайка... |
| 1 |
|
702 1 |
| a |
|
Дука |
| b |
|
В. |
| 4 |
|
520 |
| 1 |
|
702 1 |
| a |
|
Болдырева |
| b |
|
В. |
| 4 |
|
730 |
| 512 |
Заглавие обложки |
1_ |
| a |
Заглавие обложки |
Вокальнi твори |
| 600 |
Персоналии |
_1 |
| a |
Персоналии (Фамилия) |
Левицкий, Александр Александрович |
| 606 |
Тематические рубрики |
0_ |
| a |
Основная рубрика |
Вокальные произведения советских композиторов |
| 610 |
Ключевые слова |
0_ |
| a |
Ключевые слова |
вокальные произведения советских композиторов |
| 610 |
Ключевые слова |
0_ |
| a |
Ключевые слова |
Левицкий А. А. |
| 686 |
Индексы других классификаций |
__ |
| a |
Классификационный индекс |
85.94-42(2)я44 |
| 2 |
Код системы |
rubbk |
| 700 |
Автор |
_1 |
| a |
Фамилия |
Левицкий |
| b |
Имя (инициалы) |
А. А. |
| g |
Полное личное имя |
Александр Александрович |
| 801 |
Источник записи |
_0 |
| a |
Страна |
RU |
| b |
Организация |
Ульяновская ОНБ |
| c |
Дата составления |
20180912 |
| g |
Правила каталогизации |
RCR |
| 801 |
Источник записи |
_1 |
| a |
Страна |
RU |
| b |
Организация |
Ульяновская ОНБ |
| c |
Дата составления |
20180912 |
| g |
Правила каталогизации |
RCR |
| 901 |
Тип документа |
__ |
| t |
Тип документа |
m |
| 909 |
Создатель записи |
__ |
| a |
Создатель записи |
Лобина Л. И. |
| 910 |
Корректоры записи |
__ |
| a |
Корректор записи |
Илямакова |
| 938 |
Служебная информация |
__ |
| a |
Имя БД |
noti |
| b |
Имя библиотеки |
УОНБ |
| c |
Имя АИБС |
МАРК-SQL |
| d |
Номер DOC_ID в БД |
19022 |